The life and words of Chrits / Cunningham Geikie (Registro nro. 34378)
[ vista simple ]
| 000 -LÍDER | |
|---|---|
| Campo fijo de descripción fija | 005470000a22001930004500 |
| 041 0# - CÓDIGO DE IDIOMA | |
| Código de idioma para texto/pista de sonido o título separado | |
| 082 04 - NÚMERO DE CLASIFICACIÓN DECIMAL DEWEY | |
| Número de clasificación | G 232.9 G3127w |
| 001 - NÚMERO DE CONTROL | |
| Campo de control | 3740 |
| 100 1# - ASIENTO PRINCIPAL--NOMBRE PERSONAL | |
| Nombre personal | Geikie, Cunningham |
| 245 10 - TÍTULO | |
| Título del Material | The life and words of Chrits / Cunningham Geikie |
| 250 ## - MENCIÓN DE EDICIÓN | |
| Mención de edición | Revised Edition |
| 260 ## - PUBLICACIÓN, DISTRIBUCIÓN, ETC. (PIE DE IMPRENTA) | |
| Lugar de publicación, distribución, etc. | New York, NY., USA : D. Appleton |
| 336 ## - CONTENT TYPE | |
| Content type term | texto |
| Content type code | txt |
| Source | rdacontent |
| 337 ## - MEDIA TYPE | |
| Source | rdamedia |
| Media type term | sin mediación |
| Media type code | n |
| 338 ## - CARRIER TYPE | |
| Source | rdacarrier |
| Carrier type term | volumen |
| Carrier type code | nc |
| 505 00 - NOTA DE CONTENIDO | |
| Nota de contenido con formato preestablecido | Vol. I : xvi, 581 Pag Vol. II : 655 Pag |
| 650 14 - ASIENTO SECUNDARIO DE MATERIA - TERMINO TEMÁTICO | |
| Término temático o nombre geográfico como elemento de entrada | JESUCRISTO - BIOGRAFIAS |
| 942 ## - TIPO DE MATERIAL (KOHA) | |
| Tipo de Item KOHA | Libros General |
| Estado de Material | Estado de Perdido | Volumen-Parte/Tomo | Estado de Dañado | No para Préstamo | Colección | Tomo | Biblioteca de Origen | Biblioteca Permanente | Fecha de Adquisición | Total de Préstamos | Signatura Topográfica | Código de Barras | Última vez visto | Ejemplar/Existencia | Fecha de Remplazo | Tipo de Material |
|---|---|---|---|---|---|---|---|---|---|---|---|---|---|---|---|---|
| 1 | Colección General | Biblioteca FUSBC | Biblioteca FUSBC | 02/12/2004 | G 232.9 G3127w | 3234 | 12/12/2019 | 1 | 26/01/2016 | Libros General | ||||||
| 2 | Colección General | Biblioteca FUSBC | Biblioteca FUSBC | 02/12/2004 | G 232.9 G3127w | 3235 | 12/12/2019 | 2 | 26/01/2016 | Libros General |
